[Event "West Wales Open"]
[Site "Swansea"]
[Date "2018.10.13"]
[Round "3"]
[White "Van Kemenade, Rudy"]
[Black "Toczek, Grzegorz"]
[Result "1/2-1/2"]
[WhiteElo "2023"]
[BlackElo "2318"]
[Annotator "kemen"]
[PlyCount "149"]
[EventDate "2018.10.12"]
[EventType "swiss"]
[EventRounds "5"]
[EventCountry "WLS"]

1. f4 g6 2. Nf3 Bg7 3. g3 b6 4. e4 (4. Bg2 Bb7 5. O-O {main}) 4... Bb7 5. d3 e6
6. Bg2 Ne7 7. O-O O-O 8. Qe2 (8. Nbd2) (8. c3 {Van Kememenade-Troffiguer,
Arena 2017,1-0}) 8... c5 (8... d6 {played}) 9. c3 (9. Nbd2) 9... d5 (9... Nbc6)
10. e5 Nbc6 (10... d4 11. c4 Nbc6 12. Nbd2 Nb4 13. Ne4 {Van Kemenade-Troffiguer
}) 11. Qf2 (11. Be3 a5 12. Bf2 Ra7 13. Re1 Ba6 14. Qd2 Qb8 15. a4 Rc7 16. Na3 {
Muhren-Waddington, Dieren op 2001,1/2-1/2}) (11. g4 {Komodo12. considered})
11... Ba6 12. Rd1 Qd7 13. Bf1 (13. Na3) (13. a4) 13... Rae8 14. Nbd2 f6 $15 15.
d4 Bxf1 16. Nxf1 fxe5 17. fxe5 (17. dxe5) 17... cxd4 18. cxd4 h6 (18... Nf5 19.
Qe2 Qf7 20. Bf4 h6 $15 21. h4 Nxg3 $17) 19. Qg2 (19. Qe2) 19... Rf7 20. h4 Ref8
21. N1h2 (21. Bf4) 21... Kh7 (21... Qb7) 22. Be3 (22. Bf4 $11 {Komodo12}) 22...
Qb7 23. Rf1 (23. Qe2 $11 {pm analysis}) (23. Rac1) (23. g4 $11) 23... Qa6 24.
Qd2 $11 Nf5 25. Bf4 (25. Bf2) 25... Qa4 26. b3 (26. Rfd1) 26... Qb4 27. Rad1 a5
$11 28. Qd3 (28. Rf2 {Fritz11 SE & Komodo12}) 28... a4 29. Qc2 $2 {a
miscalculation} (29. Bd2 {both Engines} Qa3 30. g4 Ng3 31. h5 Kg8 32. hxg6 Rc7
33. Rfe1 $11 {Komodo12}) 29... Ncxd4 30. Nxd4 Nxd4 31. Qd3 Nf5 32. Nf3 Rc7 $17
{Komodo121} 33. Rc1 Rfc8 34. Rxc7 Rxc7 $19 35. bxa4 Rc4 (35... Rc3 $19) 36. Rb1
Qc5+ 37. Kg2 Rc2+ 38. Kh3 Rxa2 39. g4 {at last getting some K side play} Qf2
40. Qf1 Qxf1+ (40... Nxh4 $19 {both Engines}) 41. Rxf1 Ne7 42. Nd4 Ra3+ 43. Kg2
Rxa4 44. Nxe6 Nc6 (44... b5 $15) 45. Rc1 (45. Bg3 Kg8 46. Nxg7 Kxg7 47. Rf6 Ne7
48. Kh3 b5 49. Rb6 Rb4 50. Bf2 Rc4 51. Rxb5 Kf7 52. h5 $11 {Komodo12}) (45. g5
Bxe5 46. Nf8+ Kg7 47. gxh6+ Kxf8 48. Bxe5+ Kg8 49. Bg7 Ra8 50. Rb1 Rb8 51. Rb5
Ne7 52. Kf3 $11 {Komodo12}) 45... Rc4 46. Ra1 (46. Re1) 46... Bxe5 47. Bxe5
Nxe5 48. Ra7+ Kg8 49. g5 Rxh4 50. gxh6 Rxh6 51. Rg7+ Kh8 52. Rb7 Nc4 $17 53.
Rb8+ Kh7 54. Rb7+ Kg8 55. Rg7+ Kh8 56. Rd7 Rh5 (56... g5 {expected} 57. Rd8+
Kh7 58. Nxg5+ Kg6 59. Nf3 Kf7 60. Kg3 $17 {Komodo112}) 57. Nf4 Rg5+ 58. Kf2 Rf5
(58... b5 59. Nxd5 Rf5+ 60. Kg3 Nd2 $19 {Komodo12}) 59. Kg3 Rg5+ 60. Kh4 (60.
Kf2) 60... Rg4+ 61. Kxg4 Ne5+ 62. Kg5 Nxd7 63. Kxg6 {keeping the Bl K out, drw
Lomonosov tablebases} (63. Nxg6+ {draw; Lomonosov tablebases} Kh7 (63... Kg7
64. Ne7 d4 65. Nf5+ Kf7 66. Nxd4) 64. Ne7 d4 65. Kf4 Nc5 66. Nc6 d3 67. Ke3 Kg6
68. Ne5+ Kf5 69. Nxd3 $11 {Komodo12}) 63... d4 64. Kf5 Nc5 65. Nd5 d3 66. Nc3 (
66. Kf4 d2 67. Nc3 Kg7 68. Ke3 $11) 66... d2 67. Ke5 (67. Kf4) (67. Nd1) 67...
b5 (67... Nd3+ $1 68. Kd5 Nb2 69. Kc6 Kg7 70. Kxb6 (70. Kb5 Kf7 71. Kb4 Ke6 72.
Kb3 d1=Q+ 73. Nxd1 Nxd1 74. Kb4 Ne3 75. Kb5 Nd5 $19) 70... Na4+ $19) 68. Kd4 b4
69. Nd1 Na4 70. Kd3 Nc3 71. Kxd2 Nxd1 72. Kxd1 Kg7 73. Kc2 Kf6 74. Kb3 Ke5 75.
Kxb4 1/2-1/2

[Event "West Wales Open"]
[Site "Swansea"]
[Date "2018.10.13"]
[Round "3"]
[White "Van Veelen, Thomas"]
[Black "Jukes, Sam"]
[Result "0-1"]
[WhiteElo "2094"]
[BlackElo "1998"]
[Annotator "kemen"]
[PlyCount "70"]
[EventDate "2018.10.12"]
[EventType "swiss"]
[EventRounds "5"]
[EventCountry "WLS"]

1. d4 Nf6 2. c4 b6 3. Nf3 (3. Nc3 {main}) 3... Bb7 4. g3 e6 5. Bg2 d5 (5... Be7
) 6. O-O Be7 7. Qa4+ (7. Nc3) (7. Ne5) 7... Nbd7 (7... Qd7 {most frequent}) 8.
Ne5 c5 9. dxc5 (9. cxd5 exd5 (9... Bxd5 10. Bxd5 Nxd5 11. Nc6 Qc7 12. e4 Nb4
13. Nxe7 Kxe7 14. a3 Nc6 15. d5 {Paukert-Kralovec, CZE Juniorcentrum op 2005,
1-0}) 10. dxc5 O-O 11. c6 Nxe5 12. cxb7 Rb8 13. Qxa7 Qc7 14. Bf4 Rxb7 15. Qa6
Bd6 16. Rc1 Qb8 17. Qb5 Nc4 18. Rxc4 {Estrella Vidiella-Simon del Sol,
Catalunya ch tm 1997,1-0}) 9... bxc5 (9... Bxc5 10. Nc3 (10. cxd5 Bxd5 11. e4 (
11. Bxd5 exd5 12. Nc3 d4 13. Nxd7 Qxd7 14. Rd1 Qxa4 15. Nxa4 O-O 16. Kf1 Rfd8
17. Bg5 Be7 18. Rac1 Rd7 {Nikolic-Kostic, SRB ch tm , East Leskovac 2014,1/2-1/
2}) 11... b5 12. Qc2 Bb7 13. Rd1 O-O 14. Bg5 Qc7 15. Nxd7 Nxd7 16. b4 Bb6 17.
Qxc7 Bxc7 18. Rxd7 {Nagy-Odor, HUN ch U16, Balatonlelle 2009,1-0}) 10... Bd4
11. Nxd7 (11. cxd5 Bxe5 12. dxe6 Bxg2 (12... O-O 13. Bxb7 Nc5 14. Qa3 Bd6 15.
Bxa8 Qxa8 16. Nb5 Nfe4 17. Nxd6 Nxd6 18. Bf4 {Andres Gonzalez-Lorente Penalba,
ESP ch Student, Catagena 2007,1-0}) 13. exd7+ Qxd7 14. Kxg2 Bxc3 15. Qxd7+ Kxd7
16. bxc3 Rac8 17. Bb2 Rc4 18. Rfd1+ Ke6 19. Rd4 Rhc8 {Camer-Lojanica, AUS ch
major , Mingara 2000,1/2-1/2})) 10. Nc3 O-O 11. Nxd7 Nxd7 12. cxd5 Nb6 13. Qb3
(13. Qc2 exd5 14. Rd1 Qd7 15. Nxd5 Nxd5 16. Qb3 (16. e4 Nb4 17. Rxd7 Nxc2 18.
Rb1 Rad8 19. Rxb7 Rd1+ 20. Bf1 Bf6 21. Rxa7 h6 $11 {Komodo12}) 16... Rab8 (
16... c4 17. Qxc4 Rfd8 $17 {Komodo12}) 17. Bxd5 Bxd5 18. Qxd5 Qb5 19. Qf3 Rfd8
(19... Rbd8 $11) 20. Bf4 {Savostjanov-Pozdniakov,Omsk op 2014,1-0}) 13... c4
14. Qc2 exd5 (14... Nxd5) 15. Be3 Bf6 16. Rfd1 $16 Bxc3 17. Qxc3 Qe7 18. Bd4
Qxe2 (18... f6 19. Bxb6 axb6 20. Bxd5+ Bxd5 21. Rxd5 Qxe2 22. Re1 Qg4 23. Rd4
Qh5 24. Qxc4+ Qf7 25. a3 $16 {Komodo12}) 19. Bxg7 Rfe8 20. Bh8 Qg4 21. Bf3 (21.
Re1) 21... Qg5 22. a4 (22. Re1) 22... Rad8 23. a5 (23. Bf6 $18) 23... Nc8 24.
Bf6 $18 d4 25. Bxd4 (25. Rxd4 $1 $18) 25... Bxf3 26. Qxf3 Re6 27. Bc3 Nd6 28.
Rd5 Qg6 29. Rad1 Rde8 30. Rc5 (30. h4 $18) (30. Kg2 $18) 30... f6 31. Rc6 Ne4
32. Rxc4 (32. Rxe6 Rxe6 33. Kg2 $18 {Komodo12}) 32... Ng5 33. Qg4 $2 (33. Qd5
$18) (33. Qd3 $18) (33. Qg2 $18) 33... f5 $19 34. h4 fxg4 35. Rxg4 Nf3+ 0-1

[Event "West Wales Open"]
[Site "Swansea"]
[Date "2018.10.13"]
[Round "3"]
[White "Waterfield, John W"]
[Black "Burrows, Mike"]
[Result "1-0"]
[WhiteElo "2026"]
[BlackElo "1857"]
[Annotator "kemen"]
[PlyCount "89"]
[EventDate "2018.10.12"]
[EventType "swiss"]
[EventRounds "5"]
[EventCountry "WLS"]

1. e4 c5 2. Nf3 e6 3. d4 cxd4 4. Nxd4 Nf6 5. Nc3 Bb4 6. e5 Nd5 7. Bd2 {main} (
7. Qg4 {also}) 7... Nxc3 8. bxc3 Be7 9. Qg4 g6 (9... O-O {main}) 10. h4 (10.
Bd3) 10... Qa5 (10... h5 11. Qg3 a6 {main}) 11. Qg3 a6 $16 {Komodo12} (11...
Nc6 {main} 12. Nxc6 {3 wins} (12. f4 {2 draws})) (11... Na6 {1-0}) (11... h5
12. Bd3 $16 (12. Nb5 $16)) 12. h5 Rg8 {looks bad, but best the Engines come up
with. Bl should probably have held up h5 with his own move earlier} 13. Bd3 Nc6
14. Nxc6 dxc6 15. hxg6 hxg6 16. Rh7 Bd7 17. Ke2 (17. Kf1 {also looks good})
17... O-O-O {Engines-Bl must get some development} 18. Rxf7 $16 Ba3 19. c4 Bb4
20. Bxb4 Qxb4 21. Qe3 Be8 (21... Kb8) 22. Rh7 c5 23. a3 Qb2 (23... Qb6 24. Be4
Bc6 25. Bxc6 Qxc6 26. Rb1 $18) 24. Qxc5+ $18 Bc6 25. Rah1 $2 {a natural
attacking move, but it seems to be a miscjudgement} (25. Re1 $18) 25... Rxd3 $1
$19 26. Kxd3 Rd8+ 27. Ke3 (27. Qd6 {is Komodo12's best}) 27... Qc3+ {Bl misses
2 opportunities} (27... Qxc2 $1 {and Wh has to give up the Q to avoid mate} 28.
R1h4 (28. Kf4 Qf5+ 29. Kg3 Qg5+ 30. Kh3 Qxg2+ 31. Kh4 Rg8 $1 {and g5 & mates
on the h file is coming}) 28... Qd2#) (27... g5 $1 {cuts of the K escape &
again Qd6 is the only way to prevent mate}) 28. Kf4 Qd2+ {missing that the Q
can go back} (28... Rd4+ {first} 29. Kg5 Qd2+ {and Wh has to start giving up
material to not stumble into mate} 30. f4 (30. Kxg6 {Bl has all the fun} Rg4+
31. Kf7 Qf4+ 32. Ke7 (32. Kxe6 Rg6+ 33. Ke7 Qg5+ 34. Kf8 Qd8+ 35. Kf7 Qe8#)
32... Qg5+ 33. Kxe6 Qg8+ 34. Kf6 Rf4+ 35. Ke7 Qf8+ 36. Ke6 Qxc5) (30. Kf6 Qxf2+
$1 (30... Qf4+ 31. Kg7 $11) 31. Kg5 Qe3+ (31... Rg4+ {looks simpler to a human,
but gives up a R}) 32. Kf6 Rf4+ 33. Kg7 Qxc5 $19 {Komodo12}) 30... Qxf4+ 31.
Kxg6 Qe4+ 32. Kg7 (32. Kh6 Qe3+ 33. Kh5 Rh4+ 34. Rxh4 Qxc5 $19) 32... Rd7+ 33.
Kh8 Rd8+ 34. Kg7 Qg4+ 35. Kf6 Qf5+ 36. Kg7 Qg5+ 37. Kf7 Rd7+ 38. Qe7 Rxe7+ 39.
Kf8 Re8+ 40. Kf7 Qe7+ 41. Kg6 Rg8+ 42. Kh6 Qg5# {Komodo12}) (28... g5+ 29. Kg4
Qxc2 30. Kg3 Qe4 31. f3 Qf4+ 32. Kf2 Qd2+ $11 {should Bl wish to bail out}) 29.
Qe3 $18 Rf8+ (29... Qxc2 30. Rh8 $18) 30. Kg3 Qxc2 31. Rh8 Qf5 32. Rxf8+ Qxf8
33. Rh7 Qf5 34. f3 Kb8 35. Rh8+ (35. Qd4 Qf8 36. Qd6+ Qxd6 37. exd6 $18 {
Komodo12}) 35... Kc7 36. Qd4 Qg5+ 37. Kf2 Qe7 38. Ke3 {there is no need to
shed the a pawn} (38. c5 Bd5 39. Qb4 Kd7 40. Qa5 g5 41. Rg8 {is winning, as Bl
can scarcely move- Komodo12}) (38. Qd6+ Qxd6 39. exd6+ Kxd6 40. Rg8 $18 {Rudy})
38... Qxa3+ 39. Kf4 Qe7 40. c5 a5 (40... Bd5 41. Qb4 Kd7 42. Qb6 Bc6 43. Qa7
Bd5 44. Qb8 Kc6 45. Qd6+ Qxd6 46. exd6 Kd7 47. Ke5 {and Wh will win}) 41. Qd6+
Qxd6 42. exd6+ Kd7 43. Rh7+ Kd8 44. Ke5 a4 (44... Bd5 45. Rh4 Bb3 46. Rh8+ Kd7
47. Rh7+ Kc8 48. Rc7+ Kb8 49. Rg7 Kc8 50. Kf6 Kd8 51. Rxb7 Bd5 52. Ra7 $18) 45.
Kxe6 1-0

[Event "West Wales Open"]
[Site "Swansea"]
[Date "2018.10.13"]
[Round "3"]
[White "Turner, Joseph David"]
[Black "Morgans, Justin"]
[Result "0-1"]
[WhiteElo "1988"]
[BlackElo "1769"]
[Annotator "kemen"]
[PlyCount "82"]
[EventDate "2018.10.12"]
[EventType "swiss"]
[EventRounds "5"]
[EventCountry "WLS"]

1. e4 c5 2. Nf3 d6 3. d4 cxd4 4. Nxd4 Nf6 5. Nc3 a6 6. g3 e6 (6... e5 {
Najdorf's original idea quite playable}) 7. Bg2 Be7 8. O-O O-O 9. h3 (9. Be3)
9... Nbd7 10. f4 (10. Be3 {main}) 10... Qc7 11. g4 g6 {Komodo12} (11... Nb6 {
Komodo12} 12. g5 Ne8 13. f5 Bd7 14. Kh1 Nc4 15. h4 d5 16. fxe6 fxe6 17. Rxf8+
Bxf8 18. exd5 exd5 19. Qf3 $16 {Havenaar-Ward, East Devon op, Exeter 2009,1/
2-1/2}) 12. f5 (12. Be3) 12... Nb6 (12... Ne5 $11) 13. Bh6 Bd7 (13... Re8) 14.
g5 Nh5 15. f6 (15. Bxf8 Rxf8 16. fxe6 fxe6 17. Rxf8+ Bxf8 18. Qf3 $16 {Komodo12
}) 15... Bd8 16. Bxf8 Kxf8 {in a blocked position, a minor pice may often be
better than a R} 17. Nce2 (17. Bf3 Ng3 18. Rf2 Nc4 19. b3 Ne5 20. Qd2 (20. Nce2
Nxf3+ 21. Rxf3 Nxe4 $15) 20... Rc8 21. Kg2 Qxc3 22. Qxc3 Rxc3 23. Kxg3 Bb6 $17
{Komodo12}) 17... Qc5 $11 (17... e5 $11) 18. h4 (18. Qd2 Nc4 19. Qd3 e5 20. b4
Qxb4 21. Nb3 Bb6+ 22. Kh2 Be3 $15 {Komodo12}) (18. Kh2 Qe5+ 19. Kh1 Qxg5 $15)
18... e5 19. b4 Qxb4 $17 20. Nf3 (20. Nb3 {keeps the Q from c5}) 20... Nc4 21.
Qd3 Bc6 $17 (21... Qc5+ 22. Kh2 Ne3 $19 {Komodo12} 23. Rfc1 Ng4+ 24. Kh1 Nf2+)
22. Rfd1 Bc7 23. Rdb1 Qc5+ 24. Kh1 b5 (24... Rd8 25. Rb3 d5 $19 {Komodo12, all
of Bl's pieces are aimed towards the K & Wh's excange up R is stuck on a1}) 25.
Rb3 Rd8 26. Rd1 Qf2 $19 27. a4 (27. Nd2 Qxh4+ 28. Qh3 Qxg5 $19) (27. Kh2 d5 $19
) 27... Qxe2 28. Qxe2 Ng3+ 29. Kh2 Nxe2 30. axb5 axb5 31. Ra1 Nf4 (31... Bxe4)
32. Bf1 Ke8 (32... Bxe4) (32... Ne6) 33. Ra7 Ne6 {Bl has lots of good moves}
34. Bh3 Rd7 35. Ne1 Bb6 36. Ra1 Ra7 37. Rd1 Nd4 {the Bl Ns & Bs form a pretty 
(effective) pattern} 38. Rbb1 Ra2 (38... Bxe4) 39. Bf1 Ne3 40. Rd3 Nxf1+ 41.
Kg1 Ne3 (41... Nd2) 0-1

[Event "West Wales Open"]
[Site "Swansea"]
[Date "2018.10.13"]
[Round "3"]
[White "Lewis, David"]
[Black "Howells, Chris"]
[Result "0-1"]
[WhiteElo "1622"]
[BlackElo "1904"]
[Annotator "kemen"]
[PlyCount "56"]
[EventDate "2018.10.12"]
[EventType "swiss"]
[EventRounds "5"]
[EventCountry "WLS"]

1. e4 e6 2. d4 d5 3. e5 c5 4. Nf3 (4. c3 {main}) 4... Nc6 5. dxc5 (5. Bd3 {
following Nimzovitch}) 5... Bxc5 6. Bd3 f6 (6... Nge7 {main}) 7. O-O (7. Qe2 {
main}) 7... fxe5 8. Ng5 (8. Nxe5 Nxe5 9. Qh5+ Nf7 {Treybal-Foltys, Podebrady
1936 & Wh resigned}) (8. Bb5 {1-3}) 8... e4 (8... Nf6 9. Bxh7 Nxh7 10. Qh5+ Kd7
11. Nf7 Qe8 $19 12. c4 Nf6 13. Qxh8 Qxf7 14. Rd1 Ng4 15. cxd5 Qxf2+ 16. Kh1
Qg1+ {Garcia Medina-Velasco Palmero, Valladolid CC 1980,0-1}) 9. Bb5 (9. Be2
Nf6 10. Bh5+ g6 $19 {Houdini3}) (9. Nxe4 dxe4 10. Qh5+ g6 11. Qxc5 exd3 12.
cxd3 Nge7 $19 {Komodo12}) 9... Nf6 $19 10. Bf4 O-O 11. Bg3 h6 12. Nh3 e3 {
Komodo12} (12... e5 {Komodo12, a little stronger} 13. Bxc6 bxc6 14. Bxe5 Bg4
15. Bxf6 Qd7 16. Qd2 Rxf6 {and Bl has a terrific K side attack}) 13. Nc3 exf2+
(13... e5 $1 {Komodo12} 14. Na4 (14. Bxc6 bxc6 15. Bxe5 Bxh3 16. gxh3 exf2+ $19
) 14... exf2+ 15. Nxf2 Bd6 $19) 14. Nxf2 a6 (14... e5 15. Bxc6 bxc6 16. Bxe5
Ng4 17. Bd4 Qh4 18. h3 Rxf2 19. Bxc5 Rxg2+ 20. Kxg2 Ne3+ 21. Bxe3 Bxh3+ 22. Kh2
Bg4+ 23. Kg2 Qh3+ 24. Kf2 Rf8+ 25. Ke1 Rxf1+ 26. Kd2 Qg2+ 27. Kd3 Bxd1 $19 {
Komodo12}) 15. Bxc6 bxc6 $17 16. Kh1 Bd6 17. Nd3 Bxg3 18. hxg3 Qd6 19. Qe1 Ng4
20. Rxf8+ Kxf8 $19 21. Ne2 e5 22. Qc3 Kg8 23. Nc5 (23. Qc5 Qg6 $19) 23... Kh8 (
23... Qg6) (23... Bf5) 24. Kg1 d4 (24... Qg6 25. Nd3 Qh5) 25. Qc4 Ne3 26. Qf7
Qxc5 27. Qe8+ Kh7 28. Nf4 exf4 0-1

[Event "West Wales Open"]
[Site "Swansea"]
[Date "2018.10.13"]
[Round "3"]
[White "Denham, Colin"]
[Black "Phillips, William"]
[Result "1/2-1/2"]
[WhiteElo "1617"]
[BlackElo "1862"]
[Annotator "kemen"]
[PlyCount "47"]
[EventDate "2018.10.12"]
[EventType "swiss"]
[EventRounds "5"]
[EventCountry "WLS"]

1. Nf3 Nf6 2. d4 e6 3. c4 b6 4. Bg5 (4. g3) (4. a3) (4. Nc3) 4... Bb7 5. Nbd2 (
5. e3) (5. Nc3) 5... Be7 6. e3 Ne4 (6... O-O) (6... h6 {main lines}) 7. Bxe7
Qxe7 8. Qc2 $146 (8. Nxe4 Bxe4 {transposes to 170 + games}) (8. Bd3) (8. a3)
8... f5 $11 (8... Nxd2 $11) 9. Be2 O-O 10. O-O {transposed to several games} d6
$11 {but 0.5-3.5} 11. b4 (11. Rac1 c5 12. Bd3 Nxd2 13. Nxd2 Qg5 14. e4 cxd4 15.
f3 Nc6 16. exf5 Qe3+ 17. Kh1 Nb4 {Kuenitz-Henrichsen, Gibraltar Masters 2013,
0-1}) (11. Bd3 Nxd2 12. Nxd2 Qg5 13. g3 Nc6 14. a3 Rf6 15. Nf3 Qh5 16. Be2 Rh6
17. Qd3 Ne5 $19 {Doddu-Arca, Manavgat Turkey cup 2016,0-1} (17... Nxd4 $19)) (
11. Nxe4 Bxe4 12. Qc3 Nd7 13. Nd2 Nf6 14. Nxe4 Nxe4 15. Qd3 Rad8 16. Bf3 Ng5
17. Bc6 Rf6 18. f4 Nf7 19. Qc3 Rf8 20. b4 $14 {Schmitz-Mootz, Saarland ch,
Schiffweiler 2009, 1/2-1/2}) 11... Nd7 12. a3 Ndf6 13. h3 g5 14. Nh2 Nxd2 15.
Qxd2 h5 16. f3 h4 (16... g4 $5) 17. b5 Qg7 18. Qa2 (18. a4 a5 $11) 18... Rae8 (
18... a6 $15 {Komodo12}) 19. Rac1 Kh8 (19... e5 $15 {Komodo12}) 20. Qc2 Nh5 $15
(20... e5 $15) 21. Rf2 Ng3 22. Qc3 Nxe2+ (22... e5 $17 {Komodo12}) 23. Rxe2 e5
24. d5 $11 1/2-1/2

[Event "West Wales Open"]
[Site "Swansea"]
[Date "2018.10.13"]
[Round "3"]
[White "Van Kemenade, Julie"]
[Black "Haigh, Tony"]
[Result "1/2-1/2"]
[WhiteElo "1755"]
[BlackElo "1800"]
[Annotator "kemen"]
[PlyCount "61"]
[EventDate "2018.10.12"]
[EventType "swiss"]
[EventRounds "5"]
[EventCountry "WLS"]

1. e4 e6 2. d3 d5 3. Qe2 dxe4 4. dxe4 Nf6 (4... c5 5. Nf3 Nc6 6. g3 g6 {Van
Kemenade-Haigh, Dyfed League 2014,1/2-1/2}) (4... Ne7 5. Nf3 b6 6. g3 Bb7 7.
Bg2 Ng6 8. O-O Nd7 9. c4 Be7 10. Nc3 Bf6 11. Bd2 Qe7 12. Rfd1 O-O-O 13. a4 a5
14. Rab1 h5 15. b4 {Van Kemenade-Haigh, Dyfed Open 2013,1-0}) 5. Nf3 b6 6. g3 (
6. Bg5 Be7 7. Nbd2 Bb7 8. g3 Nbd7 9. Bg2 h6 10. Bxf6 Bxf6 11. c3 c5 12. O-O Qc7
13. Rfe1 g5 {Van Kemenade-Haigh,S Wales Autumn 2013,1/2-1/2}) (6. e5 {main}) (
6. Nbd2) 6... Bb7 (6... Ba6 7. c4 {main}) 7. e5 (7. Nbd2 {transposes to main})
7... Nfd7 8. Bg2 Nc6 (8... Be7 9. O-O {5 Wh wins, 1 Loss}) 9. O-O Qe7 (9... Bc5
10. Rd1 O-O 11. Nc3 Re8 12. Ne4 Be7 13. Bf4 Qc8 14. h4 {Gonzalez Perez-Machado,
POR Associations Cup 2017,1-0}) 10. Re1 (10. c3 O-O-O 11. b4 f6 12. exf6 gxf6
13. a4 a5 14. bxa5 Nxa5 15. Ba3 Qf7 16. Bb4 Nb3 17. Ra3 Nbc5 18. a5 {
Genova-Gavriilidi, GRE ch tm 2015,1-0}) 10... O-O-O 11. a4 a5 (11... Kb8) 12.
Nc3 $16 h6 13. Nb5 g5 14. Nfd4 (14. Nxg5 $1 {Komodo12} Ndxe5 (14... hxg5 15.
Bxc6 $18 Nc5 (15... Bxc6 16. Na7+ Kb7 17. Nxc6 Qe8 (17... Kxc6 18. Qe4+ Kc5 19.
Be3#) 18. Qf3 $18) 16. Qf3 Kb8 17. Bxb7 Nxb7 18. Be3 $18) 15. Nf3 Ng6 16. h4 (
16. Nh4 Nxh4 17. Bxc6 Bxc6 18. Na7+ Kb7 19. Nxc6 Kxc6 20. Qe4+ Kd7 21. Rd1+ Ke8
22. Qc6+ Rd7 23. Bf4 (23. gxh4 Rg8+ 24. Kh1 Rg4 $11) 23... Qd8 24. gxh4 Bd6 25.
Bxd6 cxd6 26. Rxd6 Rg8+ 27. Kf1 Ke7 $11 {Komodo12})) 14... Nxd4 15. Nxd4 Bxg2
16. Kxg2 Nb8 (16... Qc5 17. Nb5 Bg7 18. f4 Qd5+ 19. Qf3 Qxf3+ 20. Kxf3 Kb7 $11
{Komodo12}) 17. Qe4 (17. Be3 Bg7 18. Qf3 Bxe5 19. Nb5 c5 20. c3 Qb7 21. Qxb7+
Kxb7 22. Bxg5 hxg5 23. Rxe5 Rhg8 $11 {Komodo12}) 17... Qc5 18. c3 Qd5 $11 19.
Bd2 Qxe4+ 20. Rxe4 Na6 21. Re2 Nc5 22. Nc6 (22. b3) (22. f4) 22... Rd7 23. b4
axb4 24. cxb4 Nb3 25. Ra2 Nd4 26. Nxd4 Rxd4 27. b5 Bc5 28. Be3 Rd5 29. Bxc5
Rxc5 30. f4 gxf4 31. gxf4 $11 1/2-1/2

[Event "West Wales Open"]
[Site "Swansea"]
[Date "2018.10.14"]
[Round "4"]
[White "Jones, Iolo C"]
[Black "Heap, Gerry"]
[Result "0-1"]
[WhiteElo "2225"]
[BlackElo "2163"]
[Annotator "kemen"]
[PlyCount "126"]
[EventDate "2018.10.12"]
[EventType "swiss"]
[EventRounds "5"]
[EventCountry "WLS"]

1. d4 Nf6 2. Nf3 g6 3. Nc3 d5 4. Bf4 Bg7 (4... c6 {alternative}) 5. Nb5 Na6 6.
e3 Nh5 (6... O-O) (6... c6) 7. Be5 $146 (7. Bg5 {[%eval 250,0]}) 7... f6 8. Bg3
c6 9. Na3 (9. Nc3 Nxg3 10. hxg3 Nc7 $15 {Komodo12}) 9... Nxg3 (9... Qb6 10. Rb1
Nxg3 11. hxg3 e5 $17 {Komodo12}) 10. hxg3 Bg4 $15 (10... O-O $15) 11. c3 Nc7
12. Rh4 Bf5 (12... Qd7 $17) 13. Bd3 Qd7 (13... Bxd3 14. Qxd3 e5 $15 {Komodo12}
15. Rxh7 e4 16. Rxh8+ Bxh8 17. Qc2 exf3 18. Qxg6+ Ke7 19. Qh7+ Kd6 20. gxf3 Qd7
$15) 14. Qc2 (14. Bxf5 Qxf5 15. Kf1 $11 {Komodo12}) 14... Bxd3 15. Qxd3 O-O-O (
15... e5 $17 {Komodo12} 16. e4 exd4 17. Qxd4 g5 18. Rh1 g4 19. Nh4 f5 20. e5
Ne6 21. Qe3 O-O $15) 16. O-O-O e5 $15 17. Qc2 e4 18. Nd2 f5 $17 (18... Kb8 $17)
19. Qa4 (19. c4 h5 20. Rhh1 Bf6 21. Kb1 Kb8 $17 {Komodo12}) 19... Kb8 20. Kb1
h5 (20... Ne6) 21. Rc1 Ne6 22. c4 c5 $17 23. Qxd7 {other moves are worse it
seems} Rxd7 24. dxc5 (24. cxd5 {is preferable} Rxd5 25. f3 exf3 26. gxf3 cxd4
27. e4 fxe4 28. Rxe4 Nc5 29. Re7 Bf6 30. Rf7 Bd8 $17 {Komodo12}) 24... Nxc5 $19
25. b3 (25. f3 Nd3 26. Rc2 Nb4 27. Rc1 Rc8 $19 {Komodo12-the Wh pieces are
unco-ordinated, with the h4 R offside} 28. Rhh1 d4 29. exd4 Bxd4 30. fxe4 Be3
$19) 25... Nd3 26. Rf1 d4 (26... Bc3 27. Kc2 d4 28. exd4 Bxd4 $19 {Komodo12,
which starts giving up pieces}) 27. Nc2 dxe3 28. Nxe3 Bh6 (28... Bf6 29. Nd5
Bxh4 (29... Bg5 30. Rxe4 fxe4 31. Nxe4 Be7 $19) 30. gxh4 Rc8 $19 {Komodxo12})
29. Nxe4 {Wh's best try (Komodo12)} fxe4 (29... Bxe3 30. fxe3 fxe4 31. Rxe4 Nc5
$19 {also}) 30. Rxe4 Nc5 $19 31. Re5 Bxe3 32. fxe3 (32. Rxe3 Rd2 33. f4 Rhd8
$19) 32... b6 33. Rg5 (33. Rd5 Re7 34. Rf3 Rhe8) 33... Rd6 34. Rf7 Re8 35. Rg7
(35. Kb2 Rxe3 36. Ka3 {Komodo12}) 35... Rxe3 (35... Rd2 36. Rd5 Rxg2 37. Rd1
Rxg3 $19 {Komodo12}) 36. Kb2 Nd3+ 37. Ka3 Re5 (37... Ne5 38. Kb4 a6 {Komodo12
& Wh is getting near to Zugzwang}) 38. Rxe5 Nxe5 39. Re7 Nc6 40. Rg7 Nd4 41.
Ka4 a6 42. Kb4 Nc2+ (42... Nf5 {Komodo12}) 43. Kc3 Ne3 44. Re7 Nf5 45. Re8+ Kb7
46. g4 hxg4 47. Re4 g3 48. Rg4 Re6 49. Kd2 Kc6 50. Kc3 Kd6 51. Kd2 Ke5 52. b4
Kf6 53. Rf4 Kg5 54. Rf3 Kg4 (54... Re4 55. Rc3 Rf4) 55. Ra3 b5 (55... Nh4 {
Komodo12 wins quickly, but Bl has been swindled by Wh before}) 56. c5 Nh4 57.
Rc3 Rc6 (57... Nxg2 {Komodo12} 58. c6 Nf4 59. c7 Re2+ 60. Kd1 Re8 61. Rc2 (61.
c8=Q+ Rxc8 62. Rxc8 g2 $19) 61... g2 62. Rxg2+ Nxg2 {and Wh can resign}) 58.
Rd3 Nxg2 59. Rd6 Rxd6+ (59... Nf4 60. Rxc6 g2 {is good enough}) 60. cxd6 Nf4
61. Ke3 g5 (61... Ne6) 62. d7 Ne6 63. Ke4 (63. Ke2 Kh3) 63... g2 {Gerry's
first ever win against Iolo} 0-1